<?xml version="1.0" encoding="UTF-8"?>
<collection xmlns="http://www.loc.gov/MARC21/slim">
 <record>
  <leader>03887cam a2200721   4500</leader>
  <controlfield tag="001">022165355</controlfield>
  <controlfield tag="003">DE-627</controlfield>
  <controlfield tag="005">20240329185027.0</controlfield>
  <controlfield tag="007">tu</controlfield>
  <controlfield tag="008">850416s1976    gw ||||| m    00| ||ger c</controlfield>
  <datafield tag="020" ind1=" " ind2=" ">
   <subfield code="a">3870380438</subfield>
   <subfield code="9">3-87038-043-8</subfield>
  </datafield>
  <datafield tag="035" ind1=" " ind2=" ">
   <subfield code="a">(DE-627)022165355</subfield>
  </datafield>
  <datafield tag="035" ind1=" " ind2=" ">
   <subfield code="a">(DE-576)006411584</subfield>
  </datafield>
  <datafield tag="035" ind1=" " ind2=" ">
   <subfield code="a">(DE-599)GBV022165355</subfield>
  </datafield>
  <datafield tag="035" ind1=" " ind2=" ">
   <subfield code="a">(OCoLC)2780609</subfield>
  </datafield>
  <datafield tag="035" ind1=" " ind2=" ">
   <subfield code="a">(OCoLC)02780609</subfield>
  </datafield>
  <datafield tag="035" ind1=" " ind2=" ">
   <subfield code="a">(OCoLC)1078704922</subfield>
  </datafield>
  <datafield tag="035" ind1=" " ind2=" ">
   <subfield code="a">(DE-604)8019843569</subfield>
  </datafield>
  <datafield tag="040" ind1=" " ind2=" ">
   <subfield code="a">DE-627</subfield>
   <subfield code="b">ger</subfield>
   <subfield code="c">DE-627</subfield>
   <subfield code="e">rakwb</subfield>
  </datafield>
  <datafield tag="041" ind1=" " ind2=" ">
   <subfield code="a">ger</subfield>
  </datafield>
  <datafield tag="044" ind1=" " ind2=" ">
   <subfield code="c">XA-DE</subfield>
  </datafield>
  <datafield tag="082" ind1="0" ind2=" ">
   <subfield code="a">725/.827</subfield>
   <subfield code="q">OCLC</subfield>
  </datafield>
  <datafield tag="084" ind1=" " ind2=" ">
   <subfield code="a">12a</subfield>
   <subfield code="2">sdnb</subfield>
  </datafield>
  <datafield tag="084" ind1=" " ind2=" ">
   <subfield code="a">9,10</subfield>
   <subfield code="2">ssgn</subfield>
  </datafield>
  <datafield tag="084" ind1=" " ind2=" ">
   <subfield code="a">ZX 6600</subfield>
   <subfield code="2">rvk</subfield>
   <subfield code="0">(DE-625)rvk/158424:14257</subfield>
  </datafield>
  <datafield tag="084" ind1=" " ind2=" ">
   <subfield code="a">ZX 6604</subfield>
   <subfield code="2">rvk</subfield>
   <subfield code="0">(DE-625)rvk/158424:14261</subfield>
  </datafield>
  <datafield tag="084" ind1=" " ind2=" ">
   <subfield code="a">LH 67740</subfield>
   <subfield code="2">rvk</subfield>
   <subfield code="0">(DE-625)rvk/94675:154</subfield>
  </datafield>
  <datafield tag="084" ind1=" " ind2=" ">
   <subfield code="a">ZH 6260</subfield>
   <subfield code="2">rvk</subfield>
   <subfield code="0">(DE-625)rvk/156213:</subfield>
  </datafield>
  <datafield tag="084" ind1=" " ind2=" ">
   <subfield code="a">76.01</subfield>
   <subfield code="2">bkl</subfield>
  </datafield>
  <datafield tag="084" ind1=" " ind2=" ">
   <subfield code="a">76.22</subfield>
   <subfield code="2">bkl</subfield>
  </datafield>
  <datafield tag="100" ind1="1" ind2=" ">
   <subfield code="a">Verspohl, Franz-Joachim</subfield>
   <subfield code="d">1946-2009</subfield>
   <subfield code="0">(DE-588)122732243</subfield>
   <subfield code="0">(DE-627)082121281</subfield>
   <subfield code="0">(DE-576)163410496</subfield>
   <subfield code="4">aut</subfield>
  </datafield>
  <datafield tag="245" ind1="1" ind2="0">
   <subfield code="a">Stadionbauten von der Antike bis zur Gegenwart</subfield>
   <subfield code="b">Regie und Selbsterfahrung der Massen</subfield>
   <subfield code="c">Franz-Joachim Verspohl</subfield>
  </datafield>
  <datafield tag="246" ind1="3" ind2="3">
   <subfield code="a">Stadien, die Arena im gesellschaftlichen Spannungsfeld von der Antike bis zur Gegenwart</subfield>
  </datafield>
  <datafield tag="250" ind1=" " ind2=" ">
   <subfield code="a">1. Aufl.</subfield>
  </datafield>
  <datafield tag="264" ind1=" " ind2="1">
   <subfield code="a">Gießen</subfield>
   <subfield code="b">Anabas-Verl.</subfield>
   <subfield code="c">1976</subfield>
  </datafield>
  <datafield tag="300" ind1=" " ind2=" ">
   <subfield code="a">348 S.</subfield>
   <subfield code="b">zahlr. Ill., graph. Darst., Kt.</subfield>
  </datafield>
  <datafield tag="336" ind1=" " ind2=" ">
   <subfield code="a">Text</subfield>
   <subfield code="b">txt</subfield>
   <subfield code="2">rdacontent</subfield>
  </datafield>
  <datafield tag="337" ind1=" " ind2=" ">
   <subfield code="a">ohne Hilfsmittel zu benutzen</subfield>
   <subfield code="b">n</subfield>
   <subfield code="2">rdamedia</subfield>
  </datafield>
  <datafield tag="338" ind1=" " ind2=" ">
   <subfield code="a">Band</subfield>
   <subfield code="b">nc</subfield>
   <subfield code="2">rdacarrier</subfield>
  </datafield>
  <datafield tag="502" ind1=" " ind2=" ">
   <subfield code="a">Zugl.: Marburg/L., Univ., Diss., 1974 u.d.T.: Verspohl, Franz-Joachim: Stadien - die Arena gesellschaftlichen Spannungsfeld von der Antike bis zur Gegenwart</subfield>
  </datafield>
  <datafield tag="583" ind1="1" ind2=" ">
   <subfield code="a">Archivierung/Langzeitarchivierung gewährleistet</subfield>
   <subfield code="c">2022</subfield>
   <subfield code="f">SLG</subfield>
   <subfield code="z">Bezug Universität Stuttgart</subfield>
   <subfield code="2">pdager</subfield>
   <subfield code="5">DE-93</subfield>
  </datafield>
  <datafield tag="583" ind1="1" ind2=" ">
   <subfield code="a">Archivierung/Langzeitarchivierung gewährleistet</subfield>
   <subfield code="f">SSG</subfield>
   <subfield code="x">XA-DE-BW</subfield>
   <subfield code="2">pdager</subfield>
   <subfield code="5">DE-16</subfield>
  </datafield>
  <datafield tag="650" ind1=" " ind2="4">
   <subfield code="a">Bauten der Sozial- und Gesundheitspflege</subfield>
  </datafield>
  <datafield tag="655" ind1=" " ind2="7">
   <subfield code="a">Hochschulschrift</subfield>
   <subfield code="0">(DE-588)4113937-9</subfield>
   <subfield code="0">(DE-627)105825778</subfield>
   <subfield code="0">(DE-576)209480580</subfield>
   <subfield code="2">gnd-content</subfield>
  </datafield>
  <datafield tag="689" ind1="0" ind2="0">
   <subfield code="d">s</subfield>
   <subfield code="0">(DE-588)4182723-5</subfield>
   <subfield code="0">(DE-627)104818964</subfield>
   <subfield code="0">(DE-576)210013656</subfield>
   <subfield code="a">Stadion</subfield>
   <subfield code="2">gnd</subfield>
  </datafield>
  <datafield tag="689" ind1="0" ind2="1">
   <subfield code="a">z</subfield>
   <subfield code="2">gnd</subfield>
   <subfield code="a">Geschichte</subfield>
  </datafield>
  <datafield tag="689" ind1="0" ind2=" ">
   <subfield code="5">(DE-627)</subfield>
  </datafield>
  <datafield tag="751" ind1=" " ind2=" ">
   <subfield code="a">Marburg</subfield>
   <subfield code="0">(DE-588)4037446-4</subfield>
   <subfield code="0">(DE-627)106237454</subfield>
   <subfield code="0">(DE-576)209024305</subfield>
   <subfield code="4">uvp</subfield>
  </datafield>
  <datafield tag="787" ind1="0" ind2="8">
   <subfield code="i">Rezensiert in</subfield>
   <subfield code="a">Thies, Harmen, 1941 - </subfield>
   <subfield code="t">[Rezension von: Franz-Joachim Verspohl, Stadionbauten von der Antike bis zur Gegenwart]</subfield>
   <subfield code="d">1978</subfield>
   <subfield code="w">(DE-627)1854193694</subfield>
  </datafield>
  <datafield tag="856" ind1="4" ind2="2">
   <subfield code="u">http://d-nb.info/770045375</subfield>
   <subfield code="x">Verlag</subfield>
  </datafield>
  <datafield tag="889" ind1=" " ind2=" ">
   <subfield code="w">(DE-627)442359268</subfield>
  </datafield>
  <datafield tag="935" ind1=" " ind2=" ">
   <subfield code="i">Blocktest</subfield>
  </datafield>
  <datafield tag="936" ind1="r" ind2="v">
   <subfield code="a">ZX 6600</subfield>
   <subfield code="b">Allgemeines; Einführungen</subfield>
   <subfield code="k">Sport</subfield>
   <subfield code="k">Sportwissenschaft</subfield>
   <subfield code="k">Sportstätten</subfield>
   <subfield code="k">Freianlagen (Sportplatz; Stadion; Spielplatz)</subfield>
   <subfield code="k">Allgemeines; Einführungen</subfield>
   <subfield code="0">(DE-627)1271572400</subfield>
   <subfield code="0">(DE-625)rvk/158424:14257</subfield>
   <subfield code="0">(DE-576)201572400</subfield>
  </datafield>
  <datafield tag="936" ind1="r" ind2="v">
   <subfield code="a">ZX 6604</subfield>
   <subfield code="b">Geschichte</subfield>
   <subfield code="k">Sport</subfield>
   <subfield code="k">Sportwissenschaft</subfield>
   <subfield code="k">Sportstätten</subfield>
   <subfield code="k">Freianlagen (Sportplatz; Stadion; Spielplatz)</subfield>
   <subfield code="k">Geschichte</subfield>
   <subfield code="0">(DE-627)1271613050</subfield>
   <subfield code="0">(DE-625)rvk/158424:14261</subfield>
   <subfield code="0">(DE-576)201613050</subfield>
  </datafield>
  <datafield tag="936" ind1="r" ind2="v">
   <subfield code="a">LH 67740</subfield>
   <subfield code="b">allgemein</subfield>
   <subfield code="k">Kunstgeschichte</subfield>
   <subfield code="k">Allgemeines. Allgemeine Kunstgeschichte</subfield>
   <subfield code="k">Kunstgeschichte einzelner Gattungen der Kunst</subfield>
   <subfield code="k">Architektur</subfield>
   <subfield code="k">Ordnung nach Aufgaben</subfield>
   <subfield code="k">Öffentliche Bauten (Brücken, Brunnen, Rathäuser, Parlamente, Bauten für Erziehung, Wissenschaft und Kunst, Passagen etc.)</subfield>
   <subfield code="k">allgemein</subfield>
   <subfield code="0">(DE-627)1270637215</subfield>
   <subfield code="0">(DE-625)rvk/94675:154</subfield>
   <subfield code="0">(DE-576)200637215</subfield>
  </datafield>
  <datafield tag="936" ind1="r" ind2="v">
   <subfield code="a">ZH 6260</subfield>
   <subfield code="b">Sportstätten</subfield>
   <subfield code="k">Technik</subfield>
   <subfield code="k">Architektur</subfield>
   <subfield code="k">Öffentliche Gebäude</subfield>
   <subfield code="k">Sport- und Freizeitanlagen allgemein, Vergnügungsparks</subfield>
   <subfield code="k">Sportstätten</subfield>
   <subfield code="0">(DE-627)1271341441</subfield>
   <subfield code="0">(DE-625)rvk/156213:</subfield>
   <subfield code="0">(DE-576)201341441</subfield>
  </datafield>
  <datafield tag="936" ind1="b" ind2="k">
   <subfield code="a">76.01</subfield>
   <subfield code="j">Geschichte des Sports, der Freizeit und Erholung</subfield>
   <subfield code="0">(DE-627)106420828</subfield>
  </datafield>
  <datafield tag="936" ind1="b" ind2="k">
   <subfield code="a">76.22</subfield>
   <subfield code="j">Sporteinrichtungen</subfield>
   <subfield code="0">(DE-627)106420879</subfield>
  </datafield>
  <datafield tag="951" ind1=" " ind2=" ">
   <subfield code="a">BO</subfield>
  </datafield>
  <datafield tag="990" ind1=" " ind2=" ">
   <subfield code="a">Stadion</subfield>
  </datafield>
  <datafield tag="990" ind1=" " ind2=" ">
   <subfield code="a">Geschichte</subfield>
  </datafield>
  <datafield tag="991" ind1=" " ind2=" ">
   <subfield code="a">Rezensiertes Werk</subfield>
  </datafield>
  <datafield tag="999" ind1=" " ind2=" ">
   <subfield code="a">KXP-PPN022165355</subfield>
   <subfield code="e">4370375908</subfield>
  </datafield>
 </record>
</collection>
